Latyšskaja literatura : rekomendatel'nyj ukazatel‘ proizvedenij latyšskich pisatelej, imejuščichsja v perevode na russkij jazyk /

Hlavní autor: Vejnberg, Ioel‘ Pesachovič
Jazyk: Ruština
Vydáno: Moskva : Gos. ord. Lenina biblioteka SSSR im. V.I. Lenina, 1954
Fyzický popis: 78 s.
Knihy
Uloženo v:
LEADER 00738nam a22001932a 4500
001 001696958
003 CZ BrMZK
005 20190725125906.0
007 ta
008 190725s1954 ru er|||||||||||rus d
040 |a ABA001  |b cze  |c ABA001  |d ABA001  |d BOA001 
100 1 |a Vejnberg, Ioel‘ Pesachovič  |4 aut 
245 1 0 |a Latyšskaja literatura :  |b rekomendatel'nyj ukazatel‘ proizvedenij latyšskich pisatelej, imejuščichsja v perevode na russkij jazyk /  |c Ioel Pesachovič Vejnberg 
260 |a Moskva :  |b Gos. ord. Lenina biblioteka SSSR im. V.I. Lenina,  |c 1954 
300 |a 78 s. 
910 |a BOA001  |b X-0334.654 
990 |a BK 
991 |b 201907 
996 7 |b 2618999755  |c X-0334.654  |l MZK  |r Sklad / do 24 hodin  |n 0  |w 001743840  |u 000010  |a 1  |e BOA001  |j MZK50  |s A